000
00190nam a22000977a 4500
999
_c
12436
_d
12436
020
_a
9780201590982
082
_a
005.75
100
_a
Won Kim
245
_a
Modern Database System
942
_c
BK